[Event "FRA-chA 85th"]
[Site "Belfort"]
[Date "2010.08.13"]
[Round "5"]
[White "Hamdouchi, Hicham"]
[Black "Edouard, Romain"]
[Result "0-1"]
[WhiteElo "2600"]
[BlackElo "2620"]
[Annotator "Edouard,R"]
[PlyCount "78"]
[EventDate "2010.08.09"]
[EventType "tourn"]
[EventRounds "11"]
[EventCountry "FRA"]
[EventCategory "14"]
[SourceTitle "CBM 138"]
[Source "ChessBase"]
[SourceDate "2010.09.17"]
[SourceVersion "1"]
[SourceVersionDate "2010.09.17"]
[SourceQuality "1"]

{Before this game, I was leading the tournament with 3,5/4, ahead of few
players, including Laurent Fressinet, with 2,5/4.} 1. e4 c5 2. Nf3 d6 3. d4
cxd4 4. Nxd4 Nf6 5. Nc3 Nc6 6. Bg5 e6 7. Qd2 a6 8. O-O-O Be7 9. f3 $5 {Hicham
often likes to play this way against this kind of systems.} Nxd4 10. Qxd4 b5
11. h4 Bb7 12. Kb1 Qc7 13. Qd2 Rd8 $6 {A bad move that I played almost
instantly. I thought I would be able to play ...d5 in good circunstances, but
I just miscalculated. Thus, I should just play something else and keep my rook
on a8 in order to go ...Rc8/...Rb8 later.} (13... O-O $5 14. Bd3 (14. Bxf6 $2
Bxf6 $1 15. Qxd6 Qa5 {would be disastrous for White.}) 14... Rfc8 $5 {followed
by ...Rab8. Here I prefer Black and I believe I should be able to build up
some pressure faster.}) 14. Bd3 O-O ({I saw} 14... b4 15. Ne2 h6 16. Be3 d5 17.
e5 Ne4 18. Qe1 {and couldn't find anything for me there. Then I thought I
should just castle fast and not waste my time. But I must admit that I didn't
realize that I would become unable to play ...h6.}) 15. Ne2 $5 e5 $6 {I wanted
to go for ...d5 at any price. Here most probably I should just admit my
mistake and put off my d8-rook.} (15... h6 $2 16. Bxh6 $1 {wins.}) 16. Nc3 $1 (
16. Bxf6 Bxf6 17. Nc3 Qc5 {should be about equal.}) 16... b4 17. Nd5 Nxd5 (
17... Bxd5 18. exd5 Rb8 19. g4 {seems much easier to play for White.}) 18. exd5
a5 19. g4 Bc8 {If I managed to play ...f5, it is clear that I have no longer
any problem.} 20. Rdg1 $1 {Now I understood that I was simply a bit worse.} Kh8
(20... f5 $140 $2 21. gxf5 Bxf5 $2 22. Bh6 $18) 21. Be3 $1 Rde8 $2 (21... Qb7
$1 22. Be4 a4 {was probably the only chance, as it looks like my defense plan
is bad.}) 22. g5 (22. f4 Bb7 $1 (22... exf4 $2 23. Bd4 $18) 23. Bb5 (23. Be4
exf4 24. Bxf4 Bf6 $132) 23... Ra8 $5 {followed by ...a4, with counterplay, was
my idea.}) 22... Bd8 $4 ({At first I wanted to play} 22... f5 23. gxf6 Rxf6 24.
Qg2 (24. f4 Bf5 $1 {(key move) was my idea. The engine doesn't like it but I
believe I should be able to make a draw there, as the e5-pawn will be a
strenght sooner or later.}) 24... Bd8 {going into the game. I was starting to
lack time (again !) and I decided to play 22...Bd8 first. Then I realized that
it is near by losing at once ! But my opponent, who took a lot of time in the
opening, also lacked time and played instantly, probably thinking there was no
difference and missing that I had made an almost decisive mistake.}) 23. Qg2 $2
({Now} 23. h5 {just wins by force because of} f5 24. g6 $1 f4 (24... h6 25.
Bxh6 $18) 25. h6 $1 fxe3 26. hxg7+ $1 Qxg7 27. Rxh7+ $3 (27. Qxe3 $18) 27...
Qxh7 28. g7+ $1 Qxg7 29. Qh2+ $18) 23... f5 24. gxf6 Rxf6 {Now everything is
normal again. This was probably my biggest luck in the tournament!} 25. Bg5 Rf7
26. Bg6 {Of course I had seen this trick but I just couldn't avoid it.} Bf5 $1
{The move I had been preparing for long. For some reason, I was feeling very
confident here, as this position didn't look very easy to play for White
without time. A likely other reason I should admit despite its awkward aspect,
is that I am always unfairly lucky against Hicham. I have a huge score against
him although I absolutely never dominated him. Probably this played a role in
my mind.} (26... hxg6 27. h5 Bxg5 $8 28. Qxg5 Kg8 29. hxg6 Rf5 30. Qh4 Kf8 31.
Rg5 $3 {Okay okay: I didn't go 26...fxg6 for a wrong reason.} (31. Qh8+ Ke7 32.
Qxg7+ Kd8 {Black wants to go ...Rff8 followed by ...Rg8.} 33. Qxc7+ (33. Qh7
Rff8) (33. Qh8 Rff8 $8 34. g7 Rg8) 33... Kxc7 34. g7 Rg8 35. Rh8 {was the
reason why I went ...Bf5 quickly, but now comes} Rff8 $3 $19 {The move I had
missed !!!}) 31... Qd7 $8 {But here Black simply cannot move anything.} (31...
Rxg5 32. Qxg5 Kg8 33. f4 (33. Rh5 Qc4 $19) 33... e4 34. f5) (31... Rxf3 32. Rh5
Rf6 33. Rh8+ Ke7 34. Rxe8+ Kxe8 35. Qxf6 gxf6 36. Rh8+ $18) (31... Rf4 32. Qh8+
Ke7 33. Qxg7+ Kd8 34. Qxc7+ Kxc7 35. g7 $18) ({Black cannot wait:} 31... a4 32.
Rxf5+ Bxf5 33. Qh8+ Ke7 34. Qxg7+ Kd8 35. Qf6+ $18) 32. b3 $3 {Zugzwang !} (32.
Rxf5+ Qxf5 33. Qh8+ Ke7 34. Qxg7+ Kd8 35. Qa7 Qd7 $8 36. Qxa5+ Qc7 37. Qxb4 Bf5
$8 38. Qh4+ Qe7) 32... Rxg5 (32... a4 33. bxa4 $18 {and Black loses due to
zugzuang !!}) 33. Qxg5 Kg8 34. Rh5 $1 {(/\ Qh4!) Now Black's queen is unable
to defend, because of} Qa7 (34... Qf5 $8 35. Qxf5 Bxf5 36. Rxf5 {should win
easily.}) 35. Rh8+ $1 Kxh8 36. Qh5+ Kg8 37. Qh7+ Kf8 38. Qh8+ Ke7 39. Qxg7+ $18
) 27. Bxf7 Qxf7 28. Bxd8 Rxd8 {Now I intend to go ...Rc8 followed by ...a4, ...
b3/...a3.} 29. Rh2 $6 {First inaccurate move.} (29. Qd2 $1 Rc8 30. Rc1 Rc4 {
(/\...Rd4)} 31. Qe2 $5 Rc5 32. Rhd1 $1 {was clearly better for White. This was
the first and simple refutation.} Rxd5 $140 $2 33. Qa6 $18) 29... Rc8 $6 {
A mistake because of White's possibility f4 on move 31.} (29... a4 $1) 30. Qg3
a4 31. Ka1 $2 (31. f4 $1 {second crazy refutation, definitely hard to find
without time :} exf4 32. Qxf4 Rxc2 (32... Bxc2+ $2 33. Rxc2 $18) 33. Ka1 Rxh2
34. Qxh2 Qxd5 35. Qf4 {and White should just win here!}) 31... a3 $1 {Now this
position should be very bad for White.} 32. Rhg2 g6 33. Qg5 axb2+ 34. Kxb2 (34.
Kb1 Ra8 {(/\...b3)} (34... b3 35. axb3 Qa7 36. Kxb2 Qd4+ 37. Kb1 Ra8 38. Qf6+
Kg8 39. Rxg6+ $11 {The first line White should calculate if he wants to go 34.
Kb1!}) 35. Qe3 $8 Qc7 $5 (35... Ra3 36. Qb6 $132) 36. Qb3 Qc5 {and the
position is horrible to play as White.}) 34... e4 $1 35. fxe4 Qg7+ 36. Kb1 b3
$3 {I would say that this kind of moves was my strenght in the tournament.} 37.
axb3 (37. exf5 bxa2+ 38. Kxa2 Qc3 $1 {The most simple so far.} 39. Kb1 Ra8 $19)
(37. cxb3 $2 Bxe4+ $19) 37... Ra8 38. Kc1 Qd4 39. c3 Qxc3+ {A bit of luck, but
still a wonderful way for me to start the tournament, with 4 victories and 1
draw out of 5 rounds. It was already likely that +5 would be needed to win a
tournament or reach a tiebreak. So I had to make +1 in the second half of the
tournament, in spite of my tough pairings (I had to play all strongest players
with White, and most solid ones with Black).} (39... Qxc3+ 40. Kd1 Ra1+ 41. Ke2
Ra2+ 42. Kd1 Bg4+ 43. Rxg4 (43. Qxg4 Qa1#) 43... Qc2+ 44. Ke1 Qe2#) 0-1

[Event "Katrineholm"]
[Site "Katrineholm"]
[Date "1995.??.??"]
[Round "?"]
[White "Hartman, Christer"]
[Black "Olafsson, Helgi"]
[Result "0-1"]
[WhiteElo "2345"]
[BlackElo "2470"]
[Annotator "Endgame-CD"]
[PlyCount "222"]
[EventDate "1995.04.??"]
[EventType "tourn"]
[EventRounds "9"]
[EventCountry "SWE"]
[EventCategory "9"]
[SourceTitle "CBM 049"]
[Source "ChessBase"]
[SourceDate "1995.12.01"]
[SourceVersion "1"]
[SourceVersionDate "1995.12.01"]
[SourceQuality "1"]

1. e4 c5 2. Nf3 d6 3. d4 cxd4 4. Nxd4 Nf6 5. Nc3 a6 6. Bg5 e6 7. f4 Nc6 8. Qd2
h6 9. Bxf6 Qxf6 10. Nf3 b5 11. O-O-O Qd8 12. Bd3 Bb7 13. f5 Qa5 14. Kb1 O-O-O
15. Ne2 Qxd2 16. Rxd2 exf5 17. exf5 Ne5 18. Ned4 Be7 19. Re2 Bf6 20. Be4 Bxe4
21. Rxe4 Nxf3 22. Nxf3 d5 23. Re2 Rhe8 24. Rhe1 Re4 25. Nd2 Rb4 26. b3 Rf4 27.
Rf1 Rxf1+ 28. Nxf1 Kd7 29. Nd2 Kd6 30. Nf3 Rc8 31. Ne1 h5 32. Nd3 h4 33. h3 Rh8
34. Kc1 Rh5 35. Rf2 Rg5 36. Kd1 Bd4 37. Rf4 Bf6 38. Rf2 Bd8 39. Nb4 Bb6 40. Rf4
a5 41. Nd3 Rxg2 42. Rxh4 Be3 43. Rh8 Rd2+ 44. Ke1 Rxc2 45. Rd8+ Kc7 46. Rxd5
Rd2 47. a4 bxa4 48. bxa4 f6 49. Nf4 Bxf4 50. Rxd2 Bxd2+ 51. Kxd2 Kd6 52. Kd3
Kd5 53. Kc3 Kc5 54. Kd3 Kd5 55. Kc3 Ke5 56. Kc4 Kxf5 57. Kb5 Kg5 58. Kxa5 f5
59. Kb4 f4 60. Kc3 Kh4 61. a5 f3 62. a6 f2 63. a7 f1=Q 64. a8=Q Qxh3+ 65. Kd2
Qh2+ 66. Ke1 Qe5+ 67. Kf2 Qd4+ 68. Ke2 Qb2+ 69. Kf3 Qb3+ 70. Kf2 Qc2+ 71. Kf3
Qf5+ 72. Kg2 Qg4+ 73. Kf2 Qg3+ 74. Ke2 Kh3 75. Qh8+ $10 (75. Kd2 $2 Qg2+ 76.
Qxg2+ Kxg2 $19) 75... Kg2 76. Qa8+ $1 $10 (76. Qh5 $2 Qf2+ $1 $19 77. Kd3 Qf3+
$19) 76... Kh2 77. Qh8+ Kg1 78. Qf8 $2 $19 (78. Qd8 $142 $1 $8) 78... g5 $1 $8
79. Qf5 g4 $1 $8 80. Qb1+ Kg2 81. Qf1+ Kh2 82. Qf5 Qg2+ 83. Ke1 g3 84. Kd1 Kg1
85. Qh5 Qf2 86. Kc1 $19 {(13)} (86. Qg4 $142 $19 {(30)}) 86... g2 (86... Qd4
$142) 87. Kb1 Qe3 88. Qd1+ Kf2 89. Qc2+ Kf1 90. Qc4+ Ke1 91. Qb4+ Ke2 92. Qb2+
Kf3 93. Qf6+ Qf4 94. Qc3+ Kg4 95. Qg7+ Qg5 96. Qd4+ Kh3 97. Qh8+ Kg3 $19 {(20)}
98. Qc3+ Kf2 99. Qd4+ Qe3 100. Qf6+ Ke1 (100... Kg1 $142) 101. Qh4+ Qf2 $2 $19
{(21)} (101... Kf1 $19 {(14)}) 102. Qe4+ Kf1 103. Qc4+ Kg1 104. Qe4 Qd2 $19 {
(19)} 105. Qh4 $2 {(9)} (105. Ka1 $142) 105... Qd3+ 106. Ka2 Qe2+ (106... Kf1
$142) 107. Ka3 Qe3+ 108. Ka4 Kf1 $19 {(15)} (108... Qe5 $142 $19 {(9)}) 109.
Qc4+ Kf2 110. Qh4+ Ke2 111. Qc4+ $2 (111. Qg4+ $142 $19 {(13)}) 111... Kf3 $1 (
111... Kf3 112. Kb5 (112. Qf7+ Qf4+) 112... Qe2 $19) 0-1

[Event "EU-ch 6th"]
[Site "Warsaw"]
[Date "2005.06.26"]
[Round "8"]
[White "Motylev, Alexander"]
[Black "Wojtaszek, Radoslaw"]
[Result "0-1"]
[WhiteElo "2680"]
[BlackElo "2569"]
[Annotator "Erenburg,S"]
[PlyCount "91"]
[EventDate "2005.06.18"]
[EventType "swiss"]
[EventRounds "13"]
[EventCountry "POL"]
[SourceTitle "CBM 108"]
[Source "ChessBase"]
[SourceDate "2005.09.26"]
[SourceVersion "1"]
[SourceVersionDate "2005.09.26"]
[SourceQuality "1"]

{[%mdl 8200]} 1. e4 c5 2. Nf3 d6 3. d4 cxd4 4. Nxd4 Nf6 5. Nc3 Nc6 6. Bg5 e6 7.
Qd2 a6 8. O-O-O Nxd4 9. Qxd4 Be7 10. f4 {preparing the e4-e5 strike. Other
lines are:} (10. Be2 {CBM 60-8000 Nd4 9Qd4 a6 10f4/10Be2/Opening 1997/CBM 60/
[Hansen,Cu] (27)}) (10. Bc4) 10... b5 {Another possibility is} (10... O-O {
0-1 Iordachescu,V-Vukovic,Z/Bucharest 1999/CBM 070/[Gofshtein,L] (41)}) 11. Be2
{transfering the bishop to f3. White tried also:} (11. Bxf6 gxf6 $13 {Kasparov,
G-Kramnik,V/Amsterdam VSB 1996/CBM 52/[Boensch]/1-0 (43)}) (11. h4 $5 $146 Bb7
12. Rh3 $5 {[%cal Yh3c3] 1-0 Fressinet,L-Fernando,D/Mondariz 2000/CBM 079/
[Gofshtein,L] (32)}) (11. Bd3 Bb7 12. Kb1 O-O 13. Rhe1 h6 14. Bh4 Qc7 15. h3
Rfd8 16. Qf2 Qc5 $132 {1/2-1/2 Herrera,I-Epishin,V/Cappelle la Grande 1997/CBM
57 ext (28)}) (11. e5 dxe5 12. Qxe5 (12. Qxd8+ Bxd8 13. fxe5 Nd7 14. Bxd8 Kxd8
$11) 12... Qb6 13. Kb1 O-O 14. Bd3 Bb7 15. f5 Rae8 $132 {1/2-1/2 Lehtinen,
A-Fieandt,J/Finland 1997/EXT 2000 (22)}) 11... Bb7 12. Bf3 {making the centre
more stabile.} ({Another logical continuation is} 12. f5 e5 13. Qd3 {[%csl Rd5]
[%cal Gc3d5,Gg5f6]} b4 $5 14. Bxf6 bxc3 15. Bxg7 Rg8 16. f6 Bxf6 17. Bxf6 cxb2+
18. Kb1 Qxf6 $132 {1/2-1/2 Polgar,J-Kramnik,V/Wijk aan Zee 1998/CBM 62 ext (49)
}) 12... Rc8 {Another option is} (12... Qc7 {1-0 Fressinet,L-Stefansson,H/
Selfoss 2003/CBM 098/[Gofshtein,L] (35)}) 13. Bxf6 {White worsens Black's pawn
structure.} gxf6 (13... Bxf6 {leads to better endgame for White.} 14. Qxd6 Qxd6
15. Rxd6 Bxc3 16. bxc3 Rxc3 17. Rhd1 O-O 18. Rd7 $14) 14. f5 {White starts to
press the e6 pawn in order to occupy the d5 square.} (14. Kb1 O-O 15. f5 Rc4
16. Qd3 Qc7 17. fxe6 fxe6 18. Ne2 Rc5 $132 {0-1 Ivanov,A-Zamora,J/Chandler
1997/CBM 61 (33)}) 14... Qa5 {Black has tried the following possibilities as
well:} (14... Rc5 15. Kb1 Qc7 16. Qd2 h5 17. fxe6 fxe6 18. Ne2 $36 {1-0
Kreiman,B-Mainka,R/Bad Zwesten 1998/EXT 2000 (45)}) (14... Rc4 15. Qd3 Qc7 $132
{1-0 Shirov,A-Pelletier,Y/Elista 1998/CBM 66 ext/[Ftacnik] (48)}) 15. fxe6 fxe6
16. Kb1 {protecting the a2 pawn.} (16. Bh5+ {doesn't promise anything special:}
Kd7 17. e5 Rxc3 $1 (17... b4 18. exd6 Bd8 19. Qg4 Qg5+ 20. Qxg5 fxg5 21. Rhf1
Bxg2 22. Be8+ $3 Rxe8 23. Rf7+ Be7 24. dxe7+ $14) 18. exd6 (18. bxc3 fxe5 $17)
(18. Qxc3 Qxc3 19. bxc3 fxe5 $17) 18... Rc4 19. Qa7 Bxd6 20. Qxb7+ Qc7 21. Qf3
Ke7 $13) 16... Rc4 $146 {According to my database, this position appeared for
the first time. In the preceding game black continued} (16... Kd7 $2 {, it is
too dangerous to locate the king in the centre... Probably, the better
position for Black's monarch is on the kingside.} 17. e5 Bxf3 18. exd6 $1 Bxd1
19. Rxd1 Bf8 20. Qxf6 (20. Ne4 $1 $16) 20... Bxd6 $6 21. Ne4 {1-0 Polgar,
J-Shirov,A/Wijk aan Zee 1998/CBM 063/[Ftacnik] (40)}) (16... b4 17. Ne2 O-O 18.
Rhf1 $14) 17. Qe3 Qc7 (17... b4 18. Ne2 O-O (18... Qc5 19. Qd3 $16 {[%cal
Ye2d4]}) 19. e5 d5 (19... Bxf3 20. exd6 $16) 20. Nd4 $36) 18. Rhe1 {
strengthening the e4 pawn.} (18. e5 fxe5 (18... Rxc3 19. bxc3 fxe5 20. Bxb7
Qxb7 21. Qh3 $16) 19. Bh5+ Kd7 20. Qxe5 Rf8 $15) 18... Qc5 19. Qh6 {White
isn't interested in trade of the queens, as he hopes to use vulnerable
position of black's monarch.} b4 {It isn't so easy to recommend a good move
for Black. For instance:} (19... Qg5 20. Qh3 Qe5 21. Bg4 (21. Nd5 exd5 22. exd5
Bc8 $1 $19) 21... Kf7 (21... Bc8 22. Nd5 $16) 22. Bh5+ Kg7 23. Rd3 Rg8 24. Ree3
$16) (19... Kd7 20. Qg7 Rc8 21. e5 $18) 20. Nd5 Bxd5 (20... exd5 {loses on the
spot:} 21. exd5 {[%cal Gh6g7,Ye1e7,Yg7e7]} Qc7 22. Re2 {[%cal Yd1e1]} Kd8 23.
Rde1 Re8 24. b3 Rc5 25. Rxe7 $18) 21. exd5 $16 {White's advantage is obvious
thanks to vulnerable position of Black's monarch, more active bishop and
superior pawn structure.} e5 22. Be2 $1 {driving away the rook from the active
position.} Rd4 (22... Rxc2 {loses an exchange:} 23. Qh5+ Kd8 24. Qf5 $18) 23.
Rxd4 Qxd4 24. Rd1 {protecting the d5 pawn.} Qf2 (24... Qe4 25. Bxa6 $16) 25.
Qg7 $2 ({Stronger was} 25. Qh5+ $1 Kd8 26. Bxa6 Qxg2 27. Qf5 Kc7 28. Bb5 Kb8 (
28... Rd8 29. Qxh7 $18) 29. Qd7 $18) 25... Rf8 26. Bxa6 f5 27. Qh6 Rf6 {
preventing transfer of White's queen to e6.} 28. Qh5+ Kd8 29. Bb5 {threatening
with Qe8+.} Rf8 30. g3 e4 31. Qxh7 Qf3 {taking control over the d1-h5 diagonal.
} (31... e3 32. Qh5 $18) 32. Rf1 Qe3 33. Qg7 $2 {throwing away the advantage.}
(33. Qg6 $1 {[%cal Gg6e6] wins immediately:} Qd4 34. Qe6 Qa7 35. g4 $18) 33...
Qd2 34. Bc4 $2 ({Better is} 34. Qh7 Qxd5 (34... Qe3 35. Qg6) 35. Ba4 $14) 34...
e3 $132 {Now Black's pawns are very dangerous..} 35. Qh6 f4 36. Qe6 $4 {
This move already loses.} (36. gxf4 e2 37. Bxe2 Qxe2 38. Rc1 Qe4 $15) (36. Rc1
e2 (36... f3 37. Ba6 {[%cal Yh6e6]} f2 38. Qh3 (38. Qe6 Qxc1+ $19) 38... Kc7
39. Qf1 Qxd5 40. Rd1 $13) 37. Bxe2 (37. Qe6 fxg3 38. Qxe2 Qxe2 39. Bxe2 gxh2
$17 {[%cal Gf8f2]}) 37... Qxe2 38. gxf4 Qe4 $15) 36... fxg3 $19 37. Rxf8+ (37.
Rc1 g2 $19 {[%cal Yd2c1]}) 37... Bxf8 38. a4 gxh2 {Black is going to promote
the queen...} 39. Qf6+ Kc7 $4 {Now it is Black's turn to miss the victory...} (
39... Be7 {wins:} 40. Qh8+ Kc7 41. Ka2 Qxc2 42. Bb3 Qe4 43. Qxh2 e2 $19) 40.
Qf7+ Kb6 41. Bf1 $4 ({White could achieve a draw after} 41. a5+ $1 Kc5 (41...
Kxa5 42. Qa7#) 42. Bb3 $1 (42. Qc7+ Kd4 $19) 42... h1=Q+ 43. Ka2 Qhxd5 (43...
Kd4 44. Qf4+ Qe4 (44... Kc5 45. Qc4#) 45. Qf6+ Qe5 (45... Kc5 46. Qd8 $11) 46.
Qh4+ Qe4 47. Qf6+ $11) 44. Qa7+ Kc6 45. Qa8+ Kb5 46. Bxd5 b3+ 47. Bxb3 Qxa5+
48. Qxa5+ Kxa5 49. Bc4 $11) 41... b3 $1 $19 {[%cal Yd2a5] opening the a5-e1
diagonal for the queen.} ({It wasn't too late to make a mistake:} 41... h1=Q
42. a5+ Kc5 (42... Kxa5 43. Qa7#) 43. Qa7+ Kxd5 44. Qb7+ Kd4 45. Qxh1 $11) 42.
cxb3 h1=Q {With two queens on the board Black is absolutely winning.} 43. Qxf8
Qhxd5 (43... Qxf1+ 44. Qxf1 e2 45. Qg1+ Ka6 $19) 44. Bc4 (44. Qb8+ {loses after
} Qb7 45. a5+ Qxa5 46. Qxd6+ Ka7 47. Qd4+ Qbb6 48. Qg7+ Qc7 49. Qd4+ Qac5 50.
Qa4+ Kb8 51. Qe8+ Qc8 $19) 44... Qb7 45. Ka2 Ka7 46. Qf4 (46. Qf4 Qg7 $19) 0-1

[Event "Reykjavik"]
[Site "Reykjavik"]
[Date "1992.??.??"]
[Round "4"]
[White "Kotronias, Vasilios"]
[Black "Shirov, Alexei"]
[Result "1-0"]
[WhiteElo "2560"]
[BlackElo "2655"]
[Annotator "Ernst,T"]
[PlyCount "91"]
[EventDate "1992.03.??"]
[EventType "tourn"]
[EventRounds "11"]
[EventCountry "ISL"]
[EventCategory "11"]
[SourceTitle "CBM 028"]
[Source "ChessBase"]
[SourceDate "1992.06.01"]
[SourceVersion "1"]
[SourceVersionDate "1992.06.01"]
[SourceQuality "1"]

1. e4 {Boensch} c5 2. Nf3 d6 3. d4 cxd4 4. Nxd4 Nf6 5. Nc3 Nc6 6. Bg5 e6 7. Qd2
a6 8. O-O-O h6 9. Bf4 Bd7 10. Nxc6 Bxc6 11. f3 d5 12. Qe1 Bb4 13. a3 Ba5 14.
Bd2 b5 15. exd5 (15. Kb1 {Boensch} Bc7 16. exd5 Nxd5 17. Nxd5 Bxd5 18. Bb4 Qg5
19. Bd3 O-O-O 20. Ba5 Rd7 21. a4 $40 {Leko,P-Lanka,Z Nettetal 1992}) 15... Nxd5
16. Bd3 Bxc3 $5 (16... Rc8 $1 17. Kb1 O-O 18. Nxd5 Bxd2 $10 {Glek - Serper,
URS 1991.}) 17. Bxc3 O-O 18. h4 Nxc3 $2 (18... Qe7 {Boensch} 19. Qe4 f5 20. Qe5
$14) 19. Bh7+ Kxh7 20. Rxd8 Na2+ 21. Kb1 Rfxd8 22. Kxa2 $16 Rd4 (22... a5 $5 {
Boensch}) 23. Qa5 e5 24. Qc7 Bd5+ 25. Kb1 f6 26. Kc1 Rc4 27. Qd7 Bg8 28. Rd1 b4
(28... Rxh4 {Boensch} 29. Qb7 $18) 29. b3 Rxh4 30. Qb7 Rf8 31. axb4 (31. Rd7 {
Boensch} bxa3 32. Kb1 $18) 31... Rf7 32. Qc8 g6 33. Rd8 $1 {Weiss geht zum
entscheidenden Angriff über.} Rg7 34. Qxa6 Rxb4 35. Qxf6 e4 36. Qd6 Rbb7 37.
fxe4 Rbe7 38. Qd4 h5 39. Rd6 Rgf7 40. e5 Rf5 41. Rd7 Rfxe5 42. Qxe5 Rxd7 43. c4
Rf7 44. Qd4 Rf1+ 45. Kb2 Be6 46. b4 1-0

[Event "Karditsa"]
[Site "Karditsa"]
[Date "1994.??.??"]
[Round "5"]
[White "Kotronias, Vasilios"]
[Black "Atalik, Suat"]
[Result "1/2-1/2"]
[WhiteElo "2545"]
[BlackElo "2530"]
[Annotator "Ernst,T"]
[PlyCount "126"]
[EventDate "1994.03.??"]
[EventType "tourn"]
[EventRounds "11"]
[EventCountry "GRE"]
[EventCategory "10"]
[SourceTitle "CBM 043"]
[Source "ChessBase"]
[SourceDate "1994.12.01"]
[SourceVersion "1"]
[SourceVersionDate "1994.12.01"]
[SourceQuality "1"]

1. e4 {Hecht} c5 2. Nf3 d6 3. d4 cxd4 4. Nxd4 Nf6 5. Nc3 Nc6 6. Bg5 e6 7. Qd2
a6 8. O-O-O h6 9. Bf4 Bd7 10. Nxc6 Bxc6 11. f3 d5 12. Qe1 Bb4 13. a3 Ba5 14.
Bd2 d4 15. e5 Qc7 (15... Nd7 16. Ne2 Bxd2+ 17. Rxd2 Nxe5 18. f4 Nd7 {
Wolff-Dlugy/New York/1991/} 19. Nxd4 Qc7 20. Qe3 $14) 16. Ne2 (16. Nb1 Ba4 17.
b3 $3 Bxb3 18. Bd3 Bxd2+ 19. Kxd2 Bxc2 20. Bxc2 Nd7 $14 {De La Villa
Garcia-Huzman/San Sebastian/1993/}) (16. Nb5 Bxd2+ 17. Qxd2 Qxe5 18. Nxd4 $14)
16... Bxd2+ 17. Qxd2 Qxe5 18. Nxd4 O-O $1 (18... Bd7 19. Bc4 $1 $14 {
Tivjakov-Tukmakov/Rostov na Donu/1993/}) 19. Nxc6 bxc6 20. Qd4 (20. Qd6 Qe3+
21. Kb1 Nd5 22. Qxc6 Rfc8 23. Qa4 Rab8 $40 {Atalik}) 20... Qc7 21. Qd6 Qb6 (
21... Qa5 $5) 22. Qe5 Rfd8 23. Bc4 a5 $1 24. Rhe1 a4 25. Rxd8+ Rxd8 26. Qe3 c5
27. Rd1 Rxd1+ 28. Kxd1 Qxb2 29. Qxc5 g5 $15 30. Kd2 Qa1 31. h3 Qh1 32. Qf2 Qh2
33. Kc3 Nd5+ 34. Bxd5 exd5 35. f4 $1 (35. Kd4 Qd6 $17 36. Qe3 {Hecht} Qb6+ $10)
35... gxf4 36. Kd4 f3 37. Qxf3 Qd6 38. Qg4+ Kf8 39. Qc8+ Kg7 40. Qc5 Qg3 41.
Qxd5 Qxa3 42. Qe5+ f6 43. Qc7+ Kg6 44. c3 Qf8 45. Qg3+ Kh7 46. Qc7+ Kh8 47. Qa5
Qb8 48. Kd3 (48. Qxa4 $4 Qf4+ $19) 48... Qg3+ 49. Kc4 Qxg2 50. Qxa4 Qxh3 51.
Kd5 h5 $15 52. c4 Qf5+ 53. Kd6 Qe5+ 54. Kd7 Kg7 55. Qc2 h4 56. c5 h3 57. c6
Qd5+ 58. Ke7 Qe5+ 59. Kd7 Qd5+ 60. Ke7 Qg2 61. Qc4 h2 62. Qf7+ Kh6 63. Qxf6+
Qg6 1/2-1/2

[Event "Ciocaltea Memorial"]
[Site "Bucharest"]
[Date "2001.03.05"]
[Round "2"]
[White "Brodsky, Michail"]
[Black "Solak, Dragan"]
[Result "1/2-1/2"]
[WhiteElo "2527"]
[BlackElo "2511"]
[Annotator "Ernst,T"]
[PlyCount "65"]
[EventDate "2001.03.04"]
[EventType "tourn"]
[EventRounds "11"]
[EventCountry "ROU"]
[EventCategory "12"]
[SourceTitle "CBM 082"]
[Source "ChessBase"]
[SourceDate "2001.05.17"]
[SourceVersion "1"]
[SourceVersionDate "2001.05.17"]
[SourceQuality "1"]

1. e4 c5 2. Nf3 d6 3. d4 cxd4 4. Nxd4 Nf6 5. Nc3 Nc6 6. Bg5 e6 7. Qd2 a6 8.
O-O-O h6 9. Be3 Be7 10. f4 Bd7 11. Kb1 b5 12. Bd3 Qc7 13. h3 Na5 14. g4 b4 15.
Nce2 Nc4 16. Bxc4 Nxe4 {This variation leads to the following forced sequence
if white wants to avoid the draw. In the end it leads to an ending where white
has a small space advantage.} (16... Qxc4 17. Ng3 a5 18. Rhf1 Qa6 19. g5 hxg5
20. fxg5 Nh5 21. Nxh5 Rxh5 22. e5 $16) 17. Qd3 Nc5 18. Nxe6 $1 Bxe6 19. Bxc5
Bxc4 20. Qxc4 dxc5 (20... Qxc5 21. Qe4 $16) 21. h4 O-O 22. g5 h5 23. f5 (23.
Ng3 g6 $13) 23... Rfd8 24. Nf4 Rxd1+ 25. Rxd1 Rd8 $8 26. Nd5 (26. Rxd8+ Qxd8
27. Kc1 Qd7 28. Qe4 $14) 26... Qe5 27. Qxa6 Rxd5 28. Qa8+ Rd8 29. Rxd8+ Bxd8
30. Qxd8+ Kh7 31. a4 bxa3 32. bxa3 c4 33. f6 1/2-1/2